Прирост, производительность и продуктивность леса / (Record no. 513979)
[ view plain ]
| 000 -LEADER | |
|---|---|
| fixed length control field | 00695nam a2200193 a 4500 |
| 001 - CONTROL NUMBER | |
| control field | 000889272 |
| 003 - CONTROL NUMBER IDENTIFIER | |
| control field | AM-YEHGA |
| 005 - DATE AND TIME OF LATEST TRANSACTION | |
| control field | 20250617163845.0 |
| 008 - FIXED-LENGTH DATA ELEMENTS--GENERAL INFORMATION | |
| fixed length control field | 120504s1962 ru r 000 0 rus d |
| 040 ## - CATALOGING SOURCE | |
| Original cataloging agency | AM-YeHGA |
| 041 0# - LANGUAGE CODE | |
| Language code of text/sound track or separate title | rus |
| 090 ## - LOCALLY ASSIGNED LC-TYPE CALL NUMBER (OCLC); LOCAL CALL NUMBER (RLIN) | |
| -- | 517501 |
| 100 1# - MAIN ENTRY--PERSONAL NAME | |
| Personal name | Матеев-Мотин, Алексей Степанович |
| 245 10 - TITLE STATEMENT | |
| Title | Прирост, производительность и продуктивность леса / |
| Statement of responsibility, etc. | А.С. Матеев-Мотин. |
| 260 ## - PUBLICATION, DISTRIBUTION, ETC. | |
| Place of publication, distribution, etc. | М.; |
| -- | Л. : |
| Name of publisher, distributor, etc. | Гослесбумиздат, |
| Date of publication, distribution, etc. | 1962. |
| 300 ## - PHYSICAL DESCRIPTION | |
| Extent | 118 с. : |
| Other physical details | табл. ; |
| Dimensions | 21 см. |
| 504 ## - BIBLIOGRAPHY, ETC. NOTE | |
| Bibliography, etc. note | Библиогр. с. : 113-116 |
| 650 14 - SUBJECT ADDED ENTRY--TOPICAL TERM | |
| Topical term or geographic name entry element | Таблицы лесоматериалов |
| Withdrawn status | Lost status | Damaged status | Not for loan | Collection | Home library | Current library | Date acquired | Total checkouts | Full call number | Barcode | Date last seen | Price effective from | Koha item type | Public note |
|---|---|---|---|---|---|---|---|---|---|---|---|---|---|---|
| General | Fundamental Scientific Library | Fundamental Scientific Library | 24/08/2021 | РII/59443 | FL0656915 | 24/08/2021 | 24/08/2021 | Գրքեր / Books | 30 Days Loan |
ՀՀ Գիտությունների ազգային ակադեմիայի հիմնարար գիտական գրադարան = Fundamental Scientific Library of NAS RA
All site content, except where otherwise noted, is licensed under a